| 000 | 01386nam a2200361 a 4500 | ||
|---|---|---|---|
| 001 | 000109406 | ||
| 003 | CHAP | ||
| 005 | 20220329144049.0 | ||
| 008 | 140424s2013 mx a |sm |||||||spa|d | ||
| 010 | _a105868 | ||
| 011 | _a106840 | ||
| 040 | _cCHAP | ||
| 090 | _aTesis | ||
| 100 | 1 |
_aAyala Sánchez, Janette Berenice _9126561 |
|
| 245 | 1 | 0 |
_aIdentificación y control de la pudrición seca del tallo en crisantemo (Chrysanthemum morifolium Tamat.), en San Diego Texcoco, Estado de México _h[En línea] _cpor Janette Berenice Ayala Sánchez. |
| 260 |
_aChapingo, Méx. : _bEl autor, _c2013. |
||
| 500 | _aPara ver el contenido del material haga clic en la liga | ||
| 502 | _aTesis (Ing. Agr. Esp. en Parasitología Agrícola) -- UACH. Departamento de Parasitología Agrícola | ||
| 590 |
_aBATCH-UPD _b05 _c20141002 _lUCH01 _h0902 |
||
| 590 |
_aBATCH _b00 _c20181121 _lUCH01 _h0758 |
||
| 590 |
_aE792CSJ _b05 _c20140424 _lUCH01 _h1442 |
||
| 590 |
_aE792CSJ _b05 _c20140424 _lUCH01 _h1442 |
||
| 650 | 1 | 4 |
_aCrisantemo _xEnfermedades por hongos. _928951 |
| 650 | 1 | 4 |
_aFungicidas. _944044 |
| 650 | 1 | 4 |
_aPudrición del tallo del crisantemo. _992865 |
| 650 | 1 | 4 |
_aRhizoctonia solani. _997134 |
| 650 | 1 | 4 |
_aTrichoderma. _9114923 |
| 856 |
_a1 _n0000669 |
||
| 856 |
_aFinding aid _uhttp://10.13.5.2/tesis/sist109406.pdf _zTeclea aquí |
||
| 901 | _aBK | ||
| 942 | _cTESIS | ||
| 942 | _n0 | ||
| 999 |
_c105868 _d105868 |
||